00291nam a2200109Ia 4500100003000000654002600030245004400056260004400100082001700144300000800161546001200169 aLiu/Yu-Chang/ Gibbon/G.A  aMicro computer System aMicro Computer system:8086/8088 Family bPrentice Hall of IndiaaNEW DELHIc1987 a1.6bLiu/Gib a623 aENGLISH